<?xml version="1.0" encoding="UTF-8"?>
<marc:record xmlns:marc="http://www.loc.gov/MARC21/slim">
   <marc:leader>00000nam a2200000 a 4500</marc:leader>
   <marc:datafield ind1="0" ind2="0" tag="245">
      <marc:subfield code="a">HIT</marc:subfield>
   </marc:datafield>
   <marc:datafield ind1=" " ind2="1" tag="264">
      <marc:subfield code="a">Ravensburg</marc:subfield>
      <marc:subfield code="b">Ravensburger Verlag GmbH</marc:subfield>
      <marc:subfield code="c">2024</marc:subfield>
   </marc:datafield>
   <marc:datafield ind1="1" ind2=" " tag="520">
      <marc:subfield code="a">Bei diesem Gesellschaftsspiel für die ganze Familie sind neben Glück auch Taktik und Strategie gefragt: Wer bringt seine vier eigenen Spielfiguren zuerst ins Ziel und benutzt dabei die cleversten Kartenkombinationen? Überholen, rausschmeißen, Plätze tauschen und vieles mehr - Freude und Ärger liegen oft nah zusammen</marc:subfield>
   </marc:datafield>
   <marc:datafield ind1="3" ind2=" " tag="024">
      <marc:subfield code="a">4005556224562</marc:subfield>
   </marc:datafield>
</marc:record>
